Statistiques concernant 10 pays asiatiques les plus peuplés

Cliquez ici pour prendre le quiz!

Statistiques générales

  • Ce quiz a été pris 7,476 fois
    (7,468 depuis la dernière actualisation)
  • Le résultat moyen est 8 sur 10

Statistiques - réponses

Population Pays % Correct
1 428 MChine
100%
1 369 MInde
98%
126,9 MJapon
96%
269,5 MIndonésie
89%
204,6 MPakistan
83%
97,4 MViêt Nam
78%
82,8 MIran
72%
168,1 MBangladesh
71%
108,1 MPhilippines
69%
71,0 MTurquie
55%

Distribution des résultats

Percentile by Number Answered

% des personnes avec chaque résultat

Votre développement - résultats

Vous n’avez pas pris ce quiz depuis la dernière actualisation